000 00277nam a22001217a 4500
040 _cNust
082 _a530
_bYOU
100 _aYoung, D Hugh
_9112345
245 _aUniversity Physics
260 _aCalifornia:
_c2007.
650 _aUniversity Physics
_964550
942 _2ddc
_cBK
999 _c609581
_d609581